[Event "Aurora Fall op"]
[Site "Aurora CAN"]
[Date "2014.10.04"]
[Round "5.7"]
[White "Issani, Nameer"]
[Black "Palanisamy, Selvakumar"]
[Result "0-1"]
[WhiteElo "1687"]
[BlackElo "2019"]
[PlyCount "146"]
[EventDate "2014.10.04"]
[EventType "swiss"]
[EventRounds "5"]
[EventCountry "CAN"]

1. d4 Nf6 2. c4 e5 3. dxe5 Ng4 4. Nf3 Nc6 5. Bf4 Bb4+ 6. Nc3 f6 7. e3 O-O 8.
Bd3 Ngxe5 9. Be2 Kh8 10. O-O Nxf3+ 11. Bxf3 Bxc3 12. bxc3 Ne5 13. Be2 d6 14.
Rb1 Rb8 15. e4 Be6 16. Qa4 a6 17. Rfd1 Qe8 18. Qa5 Qc6 19. Bxe5 fxe5 20. Rd5 b6
21. Qb4 Bxd5 22. cxd5 Qc5 23. Rf1 a5 24. Qb3 Rf4 25. Bd3 Rbf8 26. Qb2 R4f6 27.
a4 Rh6 28. Re1 Rf4 29. g3 Rf3 30. Rd1 Rhf6 31. Rd2 h5 32. Kg2 h4 33. Qc2 Kg8
34. Qb2 Rf8 35. Qc2 Qa3 36. Re2 hxg3 37. hxg3 R3f6 38. Bb5 g6 39. Bd3 Rf3 40.
Rd2 Kg7 41. Re2 R3f7 42. Rd2 Rh8 43. Kg1 Rf3 44. Kg2 Rhf8 45. Re2 Rxd3 46. Qxd3
Qxa4 47. Re1 Rh8 48. f4 Qa2+ 49. Qe2 Qxe2+ 50. Rxe2 Kf6 51. c4 exf4 52. gxf4
Re8 53. Kf3 g5 54. Rh2 gxf4 55. Kxf4 a4 56. Ra2 Ra8 57. Ra3 Ra5 58. Kf3 Ke5 59.
Ke3 Ra8 60. Kd3 Kf4 61. Kd4 Ra5 62. Kd3 Kf3 63. Ra2 a3 64. Kd4 Ra8 65. Kd3 Ra4
66. Kc3 Kxe4 67. Kb3 Ra8 68. Rxa3 Rxa3+ 69. Kxa3 b5 70. cxb5 Kxd5 71. Kb4 Kd4
72. Ka5 Kc5 73. Ka6 d5 0-1

[Event "Aurora Fall op"]
[Site "Aurora CAN"]
[Date "2014.10.04"]
[Round "5.9"]
[White "Noritsyn, Sergey"]
[Black "Cormier, Adam"]
[Result "1-0"]
[WhiteElo "1837"]
[BlackElo "2019"]
[PlyCount "81"]
[EventDate "2014.10.04"]
[EventType "swiss"]
[EventRounds "5"]
[EventCountry "CAN"]

1. e4 c5 2. Nf3 a6 3. c3 Nf6 4. e5 Nd5 5. d4 cxd4 6. cxd4 d6 7. Bc4 Nb6 8. Bb3
Nc6 9. Qe2 Bg4 10. Bxf7+ Kxf7 11. Ng5+ Kg8 12. Qxg4 Qd7 13. e6 Qe8 14. Nf7 h5
15. Qe4 d5 16. Qf4 Rh7 17. O-O Nd8 18. Ng5 Rh6 19. Qf5 Qg6 20. Qe5 Rc8 21. Nc3
Nc6 22. Qf4 Nb4 23. Bd2 Nd3 24. Qf3 Nc4 25. Be3 Ndxb2 26. Nxd5 Nxe3 27. Qxe3
Qf5 28. Nb6 Rc2 29. h4 Nd3 30. g3 Rg6 31. Rad1 Nb4 32. a3 Nc6 33. Rc1 Ra2 34.
Rc5 Qg4 35. Rc4 Na5 36. Rc8 Rf6 37. Nd7 Rf5 38. Nf7 Re2 39. Rxf8+ Kh7 40. Rh8+
Kg6 41. Rh6+ 1-0

[Event "Aurora Spring op"]
[Site "Aurora CAN"]
[Date "2014.03.08"]
[Round "1.1"]
[White "Sambuev, Bator"]
[Black "MacLeod, David"]
[Result "1-0"]
[WhiteElo "2554"]
[BlackElo "2076"]
[PlyCount "79"]
[EventDate "2014.03.08"]
[EventType "swiss"]
[EventRounds "5"]
[EventCountry "CAN"]

1. d4 Nf6 2. c4 g6 3. Nc3 Bg7 4. e4 d6 5. Nf3 O-O 6. Be2 e5 7. O-O Na6 8. Be3
Ng4 9. Bg5 f6 10. Bh4 Qe8 11. d5 h5 12. Nd2 f5 13. exf5 gxf5 14. h3 Nf6 15. f4
Bh6 16. Bg5 Qg6 17. Bxh6 Qxh6 18. Qe1 Bd7 19. Qg3+ Kh8 20. Qg5 Kh7 21. Nf3 e4
22. Nh4 Rg8 23. Qxh6+ Kxh6 24. Nd1 Raf8 25. Ne3 Ne8 26. Kf2 Rh8 27. Rab1 Kg7
28. b4 Kf6 29. c5 Nb8 30. Rfc1 c6 31. Bc4 cxd5 32. Bxd5 b6 33. c6 Bc8 34. b5
Nc7 35. Rd1 Kg7 36. a4 Rh6 37. Rd2 Rhf6 38. Rbd1 a6 39. Bc4 a5 40. Rxd6 1-0

[Event "Aurora Spring op"]
[Site "Aurora CAN"]
[Date "2014.03.08"]
[Round "1.3"]
[White "Song, Michael"]
[Black "Wang, Eric Zechen"]
[Result "1-0"]
[WhiteElo "2242"]
[BlackElo "1886"]
[PlyCount "47"]
[EventDate "2014.03.08"]
[EventType "swiss"]
[EventRounds "5"]
[EventCountry "CAN"]

1. d4 Nf6 2. c4 e6 3. Nc3 b6 4. e4 Bb4 5. Bd3 Bb7 6. Qc2 Bxc3+ 7. bxc3 d6 8. a4
Nc6 9. f4 Na5 10. Nf3 Ba6 11. e5 Nd7 12. Qe2 Qe7 13. Rb1 Rc8 14. O-O h6 15. Ba3
c5 16. Rbe1 Bb7 17. f5 dxe5 18. fxe6 fxe6 19. Nxe5 Nxe5 20. Qxe5 Rf8 21. Bg6+
Kd7 22. dxc5 Rcd8 23. Rxf8 Rxf8 24. c6+ 1-0

[Event "Aurora Spring op"]
[Site "Aurora CAN"]
[Date "2014.03.08"]
[Round "1.4"]
[White "Zhao, Yue Tong (Davy)"]
[Black "Nicholson, Matthew"]
[Result "0-1"]
[WhiteElo "1892"]
[BlackElo "2040"]
[PlyCount "112"]
[EventDate "2014.03.08"]
[EventType "swiss"]
[EventRounds "5"]
[EventCountry "CAN"]

1. e4 e5 2. f4 exf4 3. Nf3 g5 4. h4 g4 5. Ne5 Nf6 6. Bc4 d5 7. exd5 Bd6 8. d4
Nh5 9. Bb5+ Kf8 10. Nc3 Qe7 11. O-O Bxe5 12. dxe5 Qxh4 13. e6 g3 14. e7+ Kxe7
15. Re1+ Kd8 16. Qd4 Qh2+ 17. Kf1 Qh1+ 18. Qg1 Qxg1+ 19. Kxg1 Bg4 20. Be2 f5
21. Bf3 Nd7 22. Ne2 Bxf3 23. gxf3 Ne5 24. Kg2 Ng6 25. Nd4 Kd7 26. Nxf5 Nf6 27.
c4 h5 28. Bd2 Rae8 29. Bc3 Rxe1 30. Rxe1 Re8 31. Rxe8 Nxe8 32. c5 a5 33. b3 b6
34. c6+ Kc8 35. a4 Nd6 36. Nxd6+ cxd6 37. Bf6 Kc7 38. Bg5 Kb8 39. Kh3 Kc8 40.
Kg2 Kc7 41. Kh3 Ne5 42. Bxf4 Nxf3 43. Bxg3 Nd2 44. Kh4 Ne4 45. Be1 Nf6 46. b4
axb4 47. Bxb4 Nxd5 48. Bd2 Kxc6 49. Kxh5 Nf6+ 50. Kg6 Ne4 51. Be1 Nc5 52. a5
Nd3 53. Bd2 Ne5+ 54. Kf6 Nc4 55. axb6 Nxd2 56. Ke6 Ne4 0-1

[Event "Aurora Spring op"]
[Site "Aurora CAN"]
[Date "2014.03.08"]
[Round "1.6"]
[White "Michelashvili, Alexandre"]
[Black "Cormier, Adam"]
[Result "0-1"]
[WhiteElo "1988"]
[BlackElo "2019"]
[PlyCount "70"]
[EventDate "2014.03.08"]
[EventType "swiss"]
[EventRounds "5"]
[EventCountry "CAN"]

1. e4 c5 2. c3 Nf6 3. e5 Nd5 4. Nf3 e6 5. d4 cxd4 6. cxd4 Qc7 7. Bd3 d6 8. O-O
Nc6 9. Re1 dxe5 10. dxe5 Bc5 11. Be4 Qb6 12. Qe2 Nce7 13. Nbd2 Bd7 14. Nb3 Bb5
15. Qc2 Bb4 16. Bd2 Rc8 17. Qd1 Ba4 18. Bxb4 Qxb4 19. Nfd4 Rc4 20. Qd3 Nf4 21.
Qf3 Ned5 22. Nf5 O-O 23. Nd6 Rc6 24. Bxd5 exd5 25. g3 Nh3+ 26. Kg2 Ng5 27. Qxd5
Qg4 28. Nd4 Rc2 29. Nxc2 Bc6 30. Qxc6 bxc6 31. Re3 f6 32. exf6 Rxf6 33. Re8+
Rf8 34. Rae1 Qf3+ 35. Kg1 Nh3+ 0-1

[Event "Aurora Spring op"]
[Site "Aurora CAN"]
[Date "2014.03.08"]
[Round "1.7"]
[White "Zeromskis, Egidijus"]
[Black "Cai, Jason"]
[Result "1/2-1/2"]
[WhiteElo "2119"]
[BlackElo "1873"]
[PlyCount "178"]
[EventDate "2014.03.08"]
[EventType "swiss"]
[EventRounds "5"]
[EventCountry "CAN"]

1. e4 c5 2. Nc3 g6 3. g3 Bg7 4. Bg2 Nc6 5. d3 d6 6. Be3 Nf6 7. h3 Rb8 8. Qd2 b5
9. Nge2 b4 10. Nd1 O-O 11. O-O Nd7 12. Bh6 Bxh6 13. Qxh6 Nd4 14. Qd2 Ba6 15.
Ne3 Nxe2+ 16. Qxe2 Nb6 17. a3 Qc8 18. axb4 cxb4 19. Ra5 Bb7 20. Rxa7 Ra8 21.
Rfa1 Rxa7 22. Rxa7 Qb8 23. Ra5 Bc6 24. b3 Qb7 25. Qe1 Nd7 26. Qa1 Ra8 27. Ng4
f6 28. h4 Rxa5 29. Qxa5 Qb6 30. Qxb6 Nxb6 31. Ne3 Na8 32. e5 Bxg2 33. Kxg2 Nc7
34. exd6 exd6 35. Kf3 d5 36. Ke2 Kf7 37. d4 Ke6 38. Kd3 Kd6 39. c4 bxc3 40.
Kxc3 Kc6 41. Ng4 Ne8 42. Kb4 Kb6 43. f3 h5 44. Ne3 Nc7 45. g4 Na6+ 46. Kc3 Nc7
47. gxh5 gxh5 48. Kd3 Kb5 49. Nc2 Ne6 50. Ke3 f5 51. f4 Ka5 52. Ne1 Kb4 53.
Nd3+ Kb5 54. Nc5 Nf8 55. Nb7 Kc6 56. Nd8+ Kc7 57. Nf7 Ng6 58. Ne5 Ne7 59. Kd3
Ng8 60. Ng6 Kc6 61. Kc3 Kb5 62. Kc2 Ka5 63. Ne5 Ne7 64. Kc3 Kb5 65. Nf7 Ng6 66.
Nd6+ Ka5 67. Nxf5 Nxf4 68. Ng3 Kb5 69. Nf5 Ka5 70. Kd2 Kb4 71. Kc2 Kb5 72. Kc3
Ka5 73. Nd6 Ne2+ 74. Kd3 Nf4+ 75. Kc2 Kb4 76. Nf5 Kb5 77. Ne3 Kb4 78. Kb2 Nd3+
79. Kc2 Nf4 80. Nf5 Kb5 81. Kb2 Kb4 82. Ka2 Ne2 83. Ne7 Nxd4 84. Nxd5+ Ka5 85.
Ka3 Nf5 86. Nf6 Nxh4 87. Nxh5 Nf5 88. Nf4 Nd4 89. b4+ Kb5 1/2-1/2

[Event "Aurora Spring op"]
[Site "Aurora CAN"]
[Date "2014.03.08"]
[Round "1.8"]
[White "Hua, Eugene"]
[Black "Perelman, Leon"]
[Result "1/2-1/2"]
[WhiteElo "1966"]
[BlackElo "1978"]
[PlyCount "81"]
[EventDate "2014.03.08"]
[EventType "swiss"]
[EventRounds "5"]
[EventCountry "CAN"]

1. Nf3 d5 2. c4 c6 3. b3 Bf5 4. Bb2 e6 5. g3 Nf6 6. Bg2 h6 7. O-O Be7 8. d3 O-O
9. Nbd2 Bh7 10. a3 a5 11. Re1 Nbd7 12. Ne5 Nxe5 13. Bxe5 d4 14. Nf3 c5 15. h3
Bd6 16. Qd2 Ne8 17. Bxd6 Nxd6 18. b4 Qc7 19. bxc5 Qxc5 20. Qf4 Rad8 21. Qxd4
Qxd4 22. Nxd4 Nxc4 23. Nb3 a4 24. Nc5 Nd6 25. Nxa4 e5 26. Rab1 Ra8 27. Rb4 Ra5
28. Nb6 Rxa3 29. Nd7 Re8 30. Bxb7 Nxb7 31. Rxb7 Bf5 32. g4 Bxd7 33. Rxd7 e4 34.
dxe4 Rxh3 35. Kg2 Ra3 36. f3 Ra5 37. Rd5 Ra2 38. Kf2 Rb8 39. Rd7 g5 40. Rc7
Rbb2 41. Rd7 1/2-1/2

[Event "Aurora Spring op"]
[Site "Aurora CAN"]
[Date "2014.03.08"]
[Round "2.1"]
[White "Nicholson, Matthew"]
[Black "Sambuev, Bator"]
[Result "0-1"]
[WhiteElo "2040"]
[BlackElo "2554"]
[PlyCount "40"]
[EventDate "2014.03.08"]
[EventType "swiss"]
[EventRounds "5"]
[EventCountry "CAN"]

1. Nf3 g6 2. d4 Bg7 3. e4 d6 4. Nc3 a6 5. Bd3 Bg4 6. Be3 Nc6 7. Ne2 d5 8. exd5
Bxf3 9. gxf3 Qxd5 10. Be4 Qd6 11. c4 f5 12. c5 Qd7 13. Bc2 O-O-O 14. Ba4 e5 15.
Bg5 Bf6 16. Bxf6 Nxf6 17. dxe5 Qxd1+ 18. Bxd1 Nxe5 19. Nf4 Nd5 20. Nxd5 Rxd5
0-1

[Event "Aurora Spring op"]
[Site "Aurora CAN"]
[Date "2014.03.08"]
[Round "2.3"]
[White "Cormier, Adam"]
[Black "Song, Michael"]
[Result "0-1"]
[WhiteElo "2019"]
[BlackElo "2242"]
[PlyCount "64"]
[EventDate "2014.03.08"]
[EventType "swiss"]
[EventRounds "5"]
[EventCountry "CAN"]

1. d4 Nf6 2. c4 g6 3. Nf3 Bg7 4. Nc3 O-O 5. g3 d5 6. cxd5 Nxd5 7. Bg2 Nb6 8.
O-O Nc6 9. e3 Re8 10. h3 a5 11. a4 Nb4 12. e4 c6 13. Bf4 Be6 14. Re1 Bc4 15.
Re3 Ba6 16. b3 Nd7 17. Rc1 e5 18. dxe5 Nxe5 19. Bxe5 Bxe5 20. Nxe5 Rxe5 21. f4
Rc5 22. Kh2 Nd3 23. Rc2 Qd4 24. Qd2 Rd8 25. e5 Nb4 26. Qxd4 Rxd4 27. Rf2 Nd3
28. Rc2 b5 29. Nxb5 cxb5 30. Rxc5 Nxc5 31. Rc3 bxa4 32. bxa4 Rc4 0-1

[Event "Aurora Spring op"]
[Site "Aurora CAN"]
[Date "2014.03.08"]
[Round "2.4"]
[White "Perelman, Leon"]
[Black "Zeromskis, Egidijus"]
[Result "0-1"]
[WhiteElo "1978"]
[BlackElo "2119"]
[PlyCount "53"]
[EventDate "2014.03.08"]
[EventType "swiss"]
[EventRounds "5"]
[EventCountry "CAN"]

1. d4 Nf6 2. c4 c5 3. d5 e5 4. Nc3 d6 5. e4 Be7 6. f4 exf4 7. Bxf4 O-O 8. Be2
Re8 9. Nh3 Bxh3 10. gxh3 Bf8 11. Qd3 a6 12. O-O Nfd7 13. Kh1 Qh4 14. Qe3 Qe7
15. Bg5 f6 16. Bf4 Ne5 17. Bxe5 Qxe5 18. Bg4 g6 19. Be6+ Kh8 20. Qe2 b6 21. Rf2
Ra7 22. Raf1 Bg7 23. Qg4 Ree7 24. Ne2 Nd7 25. Nf4 Qxe4+ 26. Rg2 Qxc4 27. Qh4
0-1

[Event "Aurora Spring op"]
[Site "Aurora CAN"]
[Date "2014.03.08"]
[Round "2.5"]
[White "Cai, Jason"]
[Black "Zhong, Joey"]
[Result "0-1"]
[WhiteElo "1984"]
[BlackElo "1873"]
[PlyCount "82"]
[EventDate "2014.03.08"]
[EventType "swiss"]
[EventRounds "5"]
[EventCountry "CAN"]

1. e4 e6 2. d4 d5 3. Nd2 Nf6 4. e5 Nfd7 5. Bd3 c5 6. c3 Nc6 7. Ngf3 g6 8. h4 h6
9. dxc5 Nxc5 10. Bc2 Bg7 11. Nb3 Nxb3 12. axb3 Nxe5 13. Nxe5 Bxe5 14. Be3 a6
15. Bd4 Qf6 16. Bxe5 Qxe5+ 17. Qe2 Qxe2+ 18. Kxe2 Bd7 19. Rhd1 Bb5+ 20. Bd3
Bxd3+ 21. Rxd3 h5 22. Kf3 Ke7 23. Rd4 Rhd8 24. Rad1 Rd7 25. Kg3 Rc8 26. f4 Rc6
27. R1d2 Rb6 28. b4 Rc6 29. Kf3 Rc4 30. Ke3 Rdc7 31. g3 Rxd4 32. Rxd4 Rc4 33.
Rxc4 dxc4 34. Kd4 b5 35. Kc5 f6 36. Kc6 e5 37. Kd5 exf4 38. gxf4 Kd7 39. Ke4
Ke6 40. f5+ gxf5+ 41. Kf4 Ke7 0-1

[Event "Aurora Spring op"]
[Site "Aurora CAN"]
[Date "2014.03.08"]
[Round "2.6"]
[White "MacLeod, David"]
[Black "Hua, Eugene"]
[Result "1-0"]
[WhiteElo "2076"]
[BlackElo "1966"]
[PlyCount "63"]
[EventDate "2014.03.08"]
[EventType "swiss"]
[EventRounds "5"]
[EventCountry "CAN"]

1. d4 Nf6 2. c4 e6 3. Nf3 c5 4. e3 d5 5. Nc3 Nc6 6. a3 a6 7. dxc5 Bxc5 8. b4
Be7 9. Qc2 O-O 10. Bb2 dxc4 11. Bxc4 b5 12. Ba2 Bb7 13. O-O Qc7 14. Rac1 Rac8
15. Bb1 g6 16. Ne4 Nd5 17. Rfd1 f6 18. Ba2 Rcd8 19. Nc5 Bxc5 20. Qxc5 Qf7 21.
e4 Nf4 22. Qe3 Nh5 23. h3 Ng7 24. e5 fxe5 25. Rxd8 Rxd8 26. Nxe5 Nxe5 27. Qxe5
Re8 28. Rc7 Re7 29. Bxe6 Rxe6 30. Qxg7+ Qxg7 31. Rxg7+ Kf8 32. Rxb7 1-0

[Event "Aurora Spring op"]
[Site "Aurora CAN"]
[Date "2014.03.08"]
[Round "2.7"]
[White "Yu, Wenlu"]
[Black "Noritsyn, Sergey"]
[Result "0-1"]
[WhiteElo "1836"]
[BlackElo "1840"]
[PlyCount "72"]
[EventDate "2014.03.08"]
[EventType "swiss"]
[EventRounds "5"]
[EventCountry "CAN"]

1. e4 c5 2. Nf3 d6 3. d4 cxd4 4. Nxd4 Nf6 5. Nc3 a6 6. f3 e6 7. Be3 b5 8. a3
Bb7 9. Qd2 Nbd7 10. g4 Nb6 11. g5 Nfd7 12. O-O-O Ne5 13. f4 Nec4 14. Bxc4 Nxc4
15. Qf2 Rc8 16. Rhf1 Be7 17. h4 Nxa3 18. f5 e5 19. f6 gxf6 20. gxf6 Bf8 21. Nf5
Nc4 22. Kb1 Qa5 23. Bc5 Rd8 24. Ng7+ Kd7 25. b3 Qxc3 26. bxc4 Bxe4 27. Bxd6
Bxd6 28. Rxd6+ Kxd6 29. Qb6+ Kd7 30. Qa7+ Kc8 31. Qxa6+ Bb7 32. Qxb5 Rd7 33.
Nf5 Rhd8 34. Ne7+ Kc7 35. c5 Rd1+ 36. Ka2 Ra8+ 0-1

[Event "Aurora Spring op"]
[Site "Aurora CAN"]
[Date "2014.03.08"]
[Round "3.1"]
[White "Sambuev, Bator"]
[Black "Song, Michael"]
[Result "1-0"]
[WhiteElo "2554"]
[BlackElo "2242"]
[PlyCount "89"]
[EventDate "2014.03.08"]
[EventType "swiss"]
[EventRounds "5"]
[EventCountry "CAN"]

1. d4 Nf6 2. c4 g6 3. Nc3 Bg7 4. e4 d6 5. Nf3 O-O 6. Be2 e5 7. O-O Nc6 8. d5
Ne7 9. Ne1 Nd7 10. Be3 f5 11. f3 f4 12. Bf2 g5 13. Rc1 Ng6 14. c5 Nxc5 15. b4
Na6 16. Nd3 h5 17. Nb5 Bd7 18. a4 b6 19. Be1 Bh6 20. Rc3 Rf7 21. Nf2 Bc8 22. h3
Nf8 23. Rc4 Nh7 24. Bd2 Nf6 25. Qc2 Ne8 26. Rc1 Bg7 27. Qb3 Qe7 28. R4c2 Qf8
29. Ra1 Bf6 30. a5 Qh6 31. axb6 axb6 32. Rca2 g4 33. fxg4 Bh4 34. gxh5 Bxf2+
35. Kxf2 Nf6 36. Bf3 Qg5 37. Be1 Nxh5 38. Ke2 Ng3+ 39. Bxg3 fxg3 40. Qe3 Qf6
41. Nc3 b5 42. Ra5 c6 43. dxc6 Be6 44. Rxa6 Bc4+ 45. Kd2 1-0

[Event "Aurora Spring op"]
[Site "Aurora CAN"]
[Date "2014.03.08"]
[Round "3.4"]
[White "Noritsyn, Sergey"]
[Black "Cormier, Adam"]
[Result "1/2-1/2"]
[WhiteElo "1840"]
[BlackElo "2019"]
[PlyCount "92"]
[EventDate "2014.03.08"]
[EventType "swiss"]
[EventRounds "5"]
[EventCountry "CAN"]

1. e4 c5 2. Nf3 a6 3. c3 Nf6 4. Bd3 d6 5. Bc2 g6 6. d4 cxd4 7. cxd4 Bg7 8. O-O
O-O 9. Nc3 Nbd7 10. Qe2 e5 11. dxe5 dxe5 12. Rd1 Qe7 13. Bg5 Qb4 14. Rab1 Re8
15. a3 Qa5 16. Nd5 Nxd5 17. Rxd5 b5 18. Bb3 Nf8 19. Bd2 Qb6 20. Ng5 Ne6 21. Be3
Qb7 22. Rd2 Qe7 23. Nxe6 Bxe6 24. Bxe6 Qxe6 25. Rbd1 Rac8 26. Rd6 Qb3 27. g3
Rc2 28. R1d2 Rxd2 29. Qxd2 Qc4 30. Rd8 Rf8 31. Qd5 Qxd5 32. Rxd5 f5 33. exf5
gxf5 34. Rd6 Rf6 35. Rd8+ Kf7 36. Rd7+ Kg6 37. Re7 Rc6 38. h4 h5 39. b3 Bf6 40.
Rb7 f4 41. gxf4 exf4 42. Bxf4 Bxh4 43. Be3 Kf5 44. Rh7 Kg4 45. Kg2 Bf6 46. f3+
Kh4 1/2-1/2

[Event "Aurora Spring op"]
[Site "Aurora CAN"]
[Date "2014.03.08"]
[Round "3.5"]
[White "MacLeod, David"]
[Black "Michelashvili, Alexandre"]
[Result "1/2-1/2"]
[WhiteElo "2076"]
[BlackElo "1988"]
[PlyCount "51"]
[EventDate "2014.03.08"]
[EventType "swiss"]
[EventRounds "5"]
[EventCountry "CAN"]

1. d4 d5 2. c4 e6 3. Nc3 Nf6 4. Bg5 Be7 5. e3 O-O 6. cxd5 exd5 7. Bd3 Nbd7 8.
Nge2 c6 9. Qc2 Re8 10. O-O-O Nf8 11. h4 Qa5 12. Kb1 Be6 13. Nf4 Bd7 14. f3 b5
15. g4 Rac8 16. Rdg1 b4 17. Na4 c5 18. Nxc5 Bxc5 19. dxc5 Rxc5 20. Qd2 Qb6 21.
Ne2 Rec8 22. Nd4 Ne8 23. Nb3 R5c6 24. Nd4 Rc5 25. Nb3 R5c6 26. Nd4 1/2-1/2

[Event "Aurora Spring op"]
[Site "Aurora CAN"]
[Date "2014.03.08"]
[Round "3.6"]
[White "Hua, Eugene"]
[Black "Wang, Eric Zechen"]
[Result "0-1"]
[WhiteElo "1966"]
[BlackElo "1886"]
[PlyCount "146"]
[EventDate "2014.03.08"]
[EventType "swiss"]
[EventRounds "5"]
[EventCountry "CAN"]

1. Nf3 Nf6 2. c4 c5 3. b3 g6 4. Bb2 Bg7 5. g3 Nc6 6. Bg2 O-O 7. O-O d6 8. d3 a6
9. Nbd2 Qc7 10. Re1 b6 11. a3 b5 12. e4 e5 13. cxb5 axb5 14. a4 Nb4 15. Nf1
bxa4 16. bxa4 Ba6 17. Ra3 Rfb8 18. Bc1 Ra7 19. Ne3 Rba8 20. Bf1 Bf8 21. Bb2 Qc6
22. Qb3 Rb7 23. Qc3 Nxd3 24. Bxd3 Bxd3 25. Qxd3 Rxb2 26. Nc4 Rb4 27. a5 Nd7 28.
Rea1 Ra6 29. Nb6 Rb5 30. Nxd7 Qxd7 31. Nxe5 Qb7 32. Nc4 Rb4 33. Nd2 Rd4 34. Qe3
Qa8 35. f3 Bg7 36. Kg2 Rb4 37. R1a2 h5 38. h4 Kh7 39. Kh2 Bf6 40. Qd3 Qc6 41.
Nc4 Bd4 42. Nb6 Ra7 43. Nd5 Rb8 44. Nb6 Be5 45. f4 Bd4 46. Kg2 f5 47. Nd5 Re8
48. Kh2 Rxe4 49. Nb6 Re1 50. Rg2 Re3 51. Qxe3 Bxe3 52. Rxe3 c4 53. Rc2 d5 54.
Re5 Rxa5 55. Re7+ Kg8 56. Nd7 Qa6 57. Rce2 Ra2 58. Re8+ Kg7 59. R8e7+ Kh6 60.
Rxa2 Qxa2+ 61. Kh3 Qa1 62. Kh2 Qh8 63. Ne5 Qf8 64. Rc7 Qb8 65. Re7 c3 66. Nf7+
Kg7 67. Ng5+ Kf8 68. Rh7 Qb2+ 69. Kh3 c2 70. Ne6+ Ke8 71. Nc7+ Kd8 72. Ne6+ Kc8
73. Rc7+ Kb8 0-1

[Event "Aurora Spring op"]
[Site "Aurora CAN"]
[Date "2014.03.08"]
[Round "3.7"]
[White "Zhao, Yue Tong (Davy)"]
[Black "Perelman, Leon"]
[Result "1-0"]
[WhiteElo "1892"]
[BlackElo "1978"]
[PlyCount "59"]
[EventDate "2014.03.08"]
[EventType "swiss"]
[EventRounds "5"]
[EventCountry "CAN"]

1. e4 c5 2. Nf3 d6 3. d4 cxd4 4. Nxd4 Nf6 5. Nc3 g6 6. Be3 Bg7 7. f3 Nc6 8. Qd2
O-O 9. Bc4 Bd7 10. O-O-O Rc8 11. Bb3 Nxd4 12. Bxd4 b5 13. Nd5 Nxd5 14. Bxg7
Kxg7 15. exd5 a5 16. a3 Kg8 17. h4 b4 18. axb4 axb4 19. h5 Qa5 20. Qd4 Ba4 21.
hxg6 fxg6 22. Rxh7 Kxh7 23. Rh1+ Kg8 24. Rh8+ Kf7 25. Qf4+ Kg7 26. Qh6+ Kf6 27.
Qh4+ g5 28. Rh6+ Kf7 29. Qh5+ Kg7 30. Qg6# 1-0

[Event "Aurora Spring op"]
[Site "Aurora CAN"]
[Date "2014.03.09"]
[Round "4.3"]
[White "Song, Michael"]
[Black "Zeromskis, Egidijus"]
[Result "1-0"]
[WhiteElo "2242"]
[BlackElo "2119"]
[PlyCount "167"]
[EventDate "2014.03.08"]
[EventType "swiss"]
[EventRounds "5"]
[EventCountry "CAN"]

1. d4 Nf6 2. c4 c5 3. d5 e5 4. Nc3 d6 5. e4 Be7 6. Bd3 Nbd7 7. h3 a6 8. Be3 Rb8
9. a4 O-O 10. Nge2 Ne8 11. Qd2 g6 12. g4 Ng7 13. Ra3 Nf6 14. Ng3 Nfe8 15. Rg1
Bd7 16. Bh6 Nc7 17. Rb3 b6 18. Qe3 Qe8 19. Nf5 Nxf5 20. gxf5 Bxa4 21. Ra3 Bd7
22. Nd1 Qd8 23. Bxf8 Bxf8 24. Be2 b5 25. b3 Bg7 26. fxg6 hxg6 27. Qg3 Bf6 28.
Bg4 Be8 29. Qd3 Kf8 30. Ra2 bxc4 31. bxc4 Rb4 32. Nc3 Bg5 33. Bd1 Qf6 34. Re2
Na8 35. Na2 Rb7 36. Qa3 Nc7 37. Rb2 Bh4 38. Rg2 Ra7 39. Qf3 Qxf3 40. Bxf3 Bd7
41. Bg4 Be8 42. Nc3 Ke7 43. Ke2 a5 44. Rg1 Na6 45. Nb5 Bxb5 46. Rxb5 Nb4 47.
Bc8 Kd8 48. Rb7 Rxb7 49. Bxb7 Kc7 50. Ba8 Kb8 51. Bc6 Nxc6 52. dxc6 Kc7 53. Ra1
Kxc6 54. Rxa5 Kd7 55. Ra7+ Ke6 56. f3 Bg3 57. Ra8 Bh4 58. Rh8 Bf6 59. Ra8 Bh4
60. Rg8 Bg5 61. Kd3 Bf6 62. Kc2 Bh4 63. Ra8 Bf6 64. Re8+ Kd7 65. Ra8 Ke6 66.
Kb3 Bh4 67. Ka4 Kf6 68. Ra7 Ke6 69. Kb5 f5 70. Rg7 Kf6 71. Rh7 Bf2 72. Rd7 Kg5
73. Rxd6 Bd4 74. Kc6 Kf4 75. Rxg6 fxe4 76. fxe4 Kxe4 77. Rg4+ Kf5 78. Kd5 Be3
79. Re4 Bd4 80. h4 Kf6 81. h5 Kf5 82. h6 Kg6 83. Rh4 Kh7 84. Rh3 1-0

[Event "Aurora Spring op"]
[Site "Aurora CAN"]
[Date "2014.03.09"]
[Round "4.4"]
[White "Cormier, Adam"]
[Black "MacLeod, David"]
[Result "1-0"]
[WhiteElo "2019"]
[BlackElo "2076"]
[PlyCount "65"]
[EventDate "2014.03.08"]
[EventType "swiss"]
[EventRounds "5"]
[EventCountry "CAN"]

1. d4 Nf6 2. c4 c5 3. d5 e5 4. Nc3 d6 5. g3 Be7 6. Bg2 Nbd7 7. Nf3 O-O 8. O-O
Ne8 9. e4 a6 10. a4 Rb8 11. Ne1 Nc7 12. a5 Ne8 13. Nd3 b5 14. axb6 Qxb6 15. Ra3
g6 16. Be3 Qd8 17. f4 Bf6 18. f5 Bg5 19. Bf2 h5 20. h4 Bh6 21. Bh3 Ndf6 22. Qf3
Ng7 23. Bxc5 dxc5 24. Nxe5 Rxb2 25. Nc6 Qc7 26. e5 Nfe8 27. d6 Qxc6 28. Qxc6
Nxf5 29. Nd5 Bb7 30. Qxc5 Bxd5 31. cxd5 Neg7 32. d7 Rb5 33. Qxf8+ 1-0

[Event "Aurora Spring op"]
[Site "Aurora CAN"]
[Date "2014.03.09"]
[Round "4.5"]
[White "Michelashvili, Alexandre"]
[Black "Noritsyn, Sergey"]
[Result "1-0"]
[WhiteElo "1988"]
[BlackElo "1840"]
[PlyCount "117"]
[EventDate "2014.03.08"]
[EventType "swiss"]
[EventRounds "5"]
[EventCountry "CAN"]

1. e4 c5 2. c3 d6 3. d4 cxd4 4. cxd4 Nf6 5. Nc3 a6 6. Nf3 e6 7. Bd3 Be7 8. O-O
O-O 9. Re1 b5 10. Bc2 Bb7 11. a3 Nbd7 12. Qd3 Nb6 13. e5 dxe5 14. Nxe5 Nbd5 15.
Bg5 b4 16. Ne4 g6 17. Bh6 Re8 18. Nxf7 Kxf7 19. Ng5+ Kg8 20. Nxh7 Kh8 21. Ng5
Rg8 22. Nf7+ Kh7 23. Nxd8 Raxd8 24. Qh3 Rh8 25. Bg5+ Kg7 26. Qxe6 Bd6 27. h3
Rhf8 28. Bb3 Bc8 29. Bxf6+ Nxf6 30. Qe3 a5 31. Qg5 bxa3 32. bxa3 Bf5 33. Be6
Bd3 34. Rad1 Bc2 35. Rc1 Bd3 36. Re3 Ne4 37. Qxd8 Rxd8 38. Rxd3 Bf4 39. Rb1 Nc5
40. dxc5 Rxd3 41. g3 Be5 42. c6 Rxa3 43. Rb7+ Kf6 44. Bd7 Ke7 45. Bg4+ Kf6 46.
c7 Bxc7 47. Rxc7 Ra1+ 48. Kg2 a4 49. Rc6+ Ke5 50. Rxg6 a3 51. Ra6 Kd4 52. h4
Kc3 53. h5 Kb2 54. Be6 Rd1 55. h6 Rd8 56. h7 Rh8 57. Bg8 Rxh7 58. Bxh7 a2 59.
Rxa2+ 1-0

[Event "Aurora Spring op"]
[Site "Aurora CAN"]
[Date "2014.03.09"]
[Round "4.6"]
[White "Yu, Wenlu"]
[Black "Zhong, Joey"]
[Result "0-1"]
[WhiteElo "1836"]
[BlackElo "1873"]
[PlyCount "58"]
[EventDate "2014.03.08"]
[EventType "swiss"]
[EventRounds "5"]
[EventCountry "CAN"]

1. e4 e6 2. d4 d5 3. Nc3 Nf6 4. Bg5 Bb4 5. exd5 Qxd5 6. Bxf6 gxf6 7. Qd2 Bxc3
8. Qxc3 Nc6 9. Nf3 Rg8 10. Rg1 Rg4 11. Bd3 Nxd4 12. O-O-O Nxf3 13. gxf3 Qg5+
14. f4 Qxf4+ 15. Kb1 Bd7 16. Rxg4 Qxg4 17. f3 Qf4 18. Be4 O-O-O 19. Qd4 Qd6 20.
Qxd6 cxd6 21. Rxd6 f5 22. Bd3 Rg8 23. b4 Rg2 24. b5 Rxh2 25. c4 b6 26. a4 Kc7
27. Rd4 Rf2 28. a5 Rxf3 29. a6 e5 0-1

[Event "Aurora Spring op"]
[Site "Aurora CAN"]
[Date "2014.03.09"]
[Round "4.7"]
[White "Hua, Eugene"]
[Black "Zhao, Yue Tong (Davy)"]
[Result "1/2-1/2"]
[WhiteElo "1966"]
[BlackElo "1892"]
[PlyCount "108"]
[EventDate "2014.03.08"]
[EventType "swiss"]
[EventRounds "5"]
[EventCountry "CAN"]

1. Nf3 Nf6 2. c4 g6 3. b4 Bg7 4. Bb2 c6 5. d3 O-O 6. g3 a5 7. a3 d5 8. Nbd2
Nbd7 9. Bg2 Re8 10. O-O e5 11. e3 b6 12. Qb3 Bb7 13. Bc3 Qc7 14. Rab1 a4 15.
Qb2 Re7 16. Ne1 Ne8 17. d4 e4 18. cxd5 cxd5 19. b5 Bf8 20. Bb4 Re6 21. Rc1 Qd8
22. Bxf8 Nxf8 23. Nc2 Nd6 24. Rfe1 Re7 25. Bf1 Ne6 26. Nb4 Rc7 27. Nc6 Qe8 28.
Ne5 Rac8 29. Rxc7 Rxc7 30. Qb4 Nc8 31. Qxa4 h5 32. Nb3 f6 33. Nc6 Bxc6 34. bxc6
Qxc6 35. Qxc6 Rxc6 36. Bb5 Rc7 37. Rc1 Rxc1+ 38. Nxc1 Nc7 39. Bc6 Ne7 40. Bd7
Kf7 41. Kf1 Ng8 42. Nb3 Ke7 43. Bh3 f5 44. Ke2 Nf6 45. Bf1 Kd6 46. a4 Kc6 47.
h3 Nfe8 48. Kd2 Nd6 49. Kc3 Nb7 50. Kb4 g5 51. Be2 g4 52. h4 Nd6 53. Bf1 Nb7
54. Be2 Nd6 1/2-1/2